Top 21 popularité personnages Attaque des titans (SnK) - Statistiques

Statistiques générales
  • Ce quiz a été pris 4 193 fois
  • Le résultat moyen est 13 sur 21
Statistiques - réponses
Place Personnage % Correct
3 Eren Jaeger
100%
1 Livaï Ackermann
99%
2 Mikasa Ackermann
99%
5 Armin Arlert
96%
6 Erwin Smith
90%
8 Jean Kirstein
90%
10 Reiner Braun
90%
7 Sasha Braus
86%
9 Annie Leonhart
82%
11 Christa Lenz
73%
4 Hansi Zoe
73%
12 Ymir
69%
13 Conny Springer
56%
17 Dot Pixis
50%
18 Bertholt Hoover
47%
14 Marco Bott
46%
15 Petra Ralle
29%
16 Hannes
21%
20 Miche Zacharius
17%
19 Nanaba
7%
21 Oruo Bozad
2%
Aucun quiz correspondant
Distribution des résultats
% des personnes avec chaque résultat
Percentile par nombre de réponses
Votre historique - résultats
Vous n’avez pas pris ce quiz